Apt Anagrams Quiz Stats

 Plays Quiz Updated Oct 18, 2016

Also try: Web of Anagrams
Challenge
Share
Tweet
Embed
Score 0/50 Timer 12:00
0 Plays Today
Sensible Anagram Answer % Correct
EvilVile
80.2%
Flutter ByButterfly
56.6%
Moon StarerAstronomer
55.3%
Dozes on...Snoozed
49.3%
RoutedDetour
49.2%
E.g., FrailFragile
49%
See AIDSDisease
43.5%
ExpandsSpandex
43%
RaiseArise
38.9%
ListenSilent
37.9%
Bra sets...Breasts
37.3%
EnragedAngered
35.3%
For TreesForester
35.2%
Equine ArtsEquestrian
34%
(Phrase Set in)Parenthesis
31.1%
CanoeOcean
30.2%
I form unityUniformity
29.7%
No Stamp?Postman
28.7%
Wear; SetSweater
27.7%
Menial CopPoliceman
27.7%
SnakeySneaky
27.3%
RescueSecure
26.5%
PaternalParental
24.4%
Unto a StarAstronaut
22.7%
Sea TripPirates
20.4%
Sensible Anagram Answer % Correct
TestamentStatement
19%
Dirty RoomDormitory
18.9%
A stew, Sir?Waitress
18.7%
I, ludicrousRidiculous
18.7%
Hey, dog, run!Greyhound
17.5%
Baker FatsBreakfast
16.2%
Court PoserProsecutor
15.8%
In duetUnited
15%
Burly BodiedBodybuilder
13.7%
One is apartSeparation
13.6%
Act, rub oil inLubrication
13.4%
Voices rant onConversation
10.5%
A lad o' gritGladiator
10%
HeightsHighest
10%
AdmirerMarried
8.9%
EntiretyEternity
8.5%
The ClassroomSchoolmaster
7.6%
All NicenessCleanliness
7%
Aces MouthMoustache
6.2%
I defined itIdentified
6%
Record itDirector
5%
IntoxicateExcitation
3.8%
Lost again...Nostalgia
3.6%
Care is notedConsiderate
2.8%
Neat TailorsAlterations
2.7%

You're not logged in!

Compare scores with friends on all Sporcle quizzes.
OR
Log In

You Might Also Like...

Show Comments

Extras

Top Quizzes Today


Score Distribution

Your Account Isn't Verified!

In order to create a playlist on Sporcle, you need to verify the email address you used during registration. Go to your Sporcle Settings to finish the process.

Report this User

Report this user for behavior that violates our Community Guidelines.

Details: